Welcome to the Holygrace Academy Library

Please use search bar below to get started

THAYYAL PADANAM INI VEETTILUM (Record no. 7128)

MARC details
000 -LEADER
fixed length control field 00270nam a22001217a 4500
020 ## - INTERNATIONAL STANDARD BOOK NUMBER
ISBN 978-93-82515-19-7
082 ## - DEWEY DECIMAL CLASSIFICATION NUMBER
Classification number 894.812
Item number JAY/T
100 ## - MAIN ENTRY--AUTHOR NAME
Personal name S, JAYAKUMARI
245 ## - TITLE STATEMENT
Title THAYYAL PADANAM INI VEETTILUM
260 ## - PUBLICATION, DISTRIBUTION, ETC. (IMPRINT)
Place of publication THRISSUR
Name of publisher H&C
650 ## - SUBJECT ADDED ENTRY--TOPICAL TERM
Topical Term GK
Geographic subdivision KERALA
942 ## - ADDED ENTRY ELEMENTS (KOHA)
Koha item type Books
Holdings
Withdrawn status Lost status Collection code Home library Current library Shelving location Date acquired Source of acquisition Cost, normal purchase price Full call number Accession Number Koha item type
    G.K Main Library Main Library NEW SHELF WITH NEW ENTRY 26/10/2023 PURCHASE 30.00 894.812 JAY/T 13047 Books